000
00274nam a2200109 4500
008
160624b xxu||||| |||| 00| 0 eng d
100
_9
916
_a
Wells, H. G
245
_a
The Time Machine
260
_a
N.Y
_b
Fawcett Premier
_c
1968
300
_a
The Time Machine
942
_2
ddc
_c
BK
999
_c
728
_d
728